| 000 | 00895cab a2200265 4500 | ||
|---|---|---|---|
| 001 | ABS53796 | ||
| 008 | 090401t1995 xxu||||| |||| 00| 0 eng d | ||
| 035 | _a(Sirsi) u6642 | ||
| 041 | _aeng | ||
| 100 | _aWhite, G. | ||
| 245 | _aNow is the time to do some homework on assignments | ||
| 260 | _c1995 | ||
| 350 | _a0 | ||
| 490 |
_aProperty Week _v53(2) 12 October 1995, 32-33(2) |
||
| 520 | _aThe Landlord and Tenant (Covenants) Act 1995 makes provision for landlords to determine what characteristics a proposed assignee to a lease must possess. Discusses the implications for landlords and tenants. | ||
| 650 | _aASSIGNMENT | ||
| 650 | _aLANDLORD AND TENANT (COVENANTS) ACT 1995 | ||
| 650 | _aLEASE CONDITIONS | ||
| 650 | _aLEASEHOLD CONSENT | ||
| 650 | _aLEASES | ||
| 690 | _aLANDLORD AND TENANT-LEASEHOLD REFORM | ||
| 700 | _aVivian, J. | ||
| 942 | _n0 | ||
| 948 | _c04/03/1997 | ||
| 999 |
_c3962 _d3962 |
||